| 000 | 00473nam a2200181Ia 4500 | ||
|---|---|---|---|
| 003 | GCL | ||
| 008 | 140319s9999 xx 000 0 eng d | ||
| 040 |
_aGCL / _cGCL |
||
| 082 | 0 | 4 |
_a350.85 _bT R |
| 100 | 1 | _aTROMPENAARS, FONS | |
| 245 | 1 | 0 |
_aRIDING THE WAVES OF CULTURE / _cTROMPENAARS, FONS |
| 260 |
_a[S.N] : _bNICHOLAS BREALEY PUBLISHING ، _c1994 |
||
| 300 | _a192 P | ||
| 650 | 0 | 4 | _aBUSINESS |
| 650 | 0 | 4 | _aCULTURE |
| 650 | 0 | 4 | _aCULTURE DIVERSITY |
| 942 |
_2ddc _cBK |
||
| 999 |
_c24819 _d24819 |
||